Statistics for Find your way quiz 2

Click here to take the quiz!

General Stats

  • This quiz has been taken 34 times
  • The average score is 13 of 20

Answer Stats

HintAnswer% Correct
1) What is the capital of the only country in Africa that starts with K?Nairobi
93%
2) In the 1960s which city (starting with the last letter of answer 1) replaced Karachi as its country's capital?Islamabad
87%
6) In 1898 answer 5 was discovered by Marie 'who'?Marie Curie
83%
5) The first 2 letters of answer 4 is the symbol for which element?Radium
80%
9) On what instrument was answer 8 a virtuoso?Piano
77%
10) The famous 'Steinway' 'answer 9' was first produced in which country?USA
77%
7) In which country was answer 6 born?Poland
73%
11) In 1867 'Answer 10' paid $7.2 million for what?Alaska
70%
3) Which Greek Letter can you make using 6 of the last 7 letters of answer 2?Lambda
70%
4) The first 4 letters of answer 3 is an animal, what is the male of that species called?Ram
67%
17) Take away the first letter of answer 16 and what is the female of the species called?Pen
63%
14) What is the official language of answer 13?Arabic
60%
13) Besides Japan and Jamaica which country has a name beginning with the same letter as answer 12?Jordan
60%
18) Beginning with answer 17, what is the headquarters of the United States Department of Defense.?Pentagon
60%
15) Which answer 14 country has the greatest population?Egypt
53%
12) What is the state capital of answer 11?Juneau
50%
16) What is the name of the great dam built in the south of answer 15?Aswan
47%
8) Born in 1810, who is the greatest musician from answer 7?Frédéric Chopin
47%
19) What is the name given to a polygon that has 3 more sides than answer 18?Octagon
47%
20) Which sea creature has the first 3 letters of answer 19 as it's first 3 letters of 7?Octopus
47%

Score Distribution

Percentile by Number Answered

Percent of People with Each Score

Your Score History

You have not taken this quiz